[Event "Iclicki Masters"]
[Site "Brussels"]
[Date "1990.03.??"]
[White "Bolzoni, Victor-Angel"]
[Black "Iclicki, Willy"]
[Result "1-0"]
[WhiteElo "2230"]
[BlackElo "2230"]
[Source "ChessBase"]
[Round "?"]

1. e4 c6 2. d4 d5 3. Nd2 dxe4 4. Nxe4 Nd7 5. Bc4 Ngf6 6. Nxf6+ Nxf6 7. Nf3 Bf5
8. O-O e6 9. Re1 Bd6 10. Bg5 O-O 11. Nh4 Bg6 12. Nxg6 hxg6 13. Qf3 Be7 14. Rad1
Qa5 15. Re5 Qb6 16. Bb3 Rfd8 17. c3 a5 18. Rde1 Rd6 19. Qh3 a4 20. Bxe6 fxe6
21. Rxe6 Rd5 22. Bxf6 Rh5 23. Qg3 Bxf6 24. Qxg6 1-0

[Event "Iclicki Masters"]
[Site "Brussels"]
[Date "1990.03.??"]
[White "Bolzoni, Victor-Angel"]
[Black "Kerkhof, Philippe"]
[Result "0-1"]
[WhiteElo "2230"]
[BlackElo "2240"]
[Source "ChessBase"]
[Round "?"]

1. e4 d6 2. d4 Nf6 3. Nc3 g6 4. f3 c6 5. Be3 Nbd7 6. Qd2 b5 7. Bd3 Bb7 8. Nge2
a6 9. Ng3 e5 10. a4 b4 11. Nd1 a5 12. c3 d5 13. exd5 Nxd5 14. dxe5 Nxe5 15. Bd4
Bg7 16. Be2 O-O 17. f4 Nd7 18. Bxg7 Kxg7 19. cxb4 Nxb4 20. O-O Nf6 21. Qc3 Qb6+
22. Kh1 Nd5 23. Qe5 h6 24. f5 Rfe8 25. Qd6 Qb4 26. Qxb4 Nxb4 27. Rc1 Rad8
28. Nc3 Nd3 29. Rcd1 Nc5 30. Bc4 Rxd1 31. Rxd1 Nd5 32. Nxd5 cxd5 33. Bb5 Rd8
34. fxg6 fxg6 35. Ne2 Ne4 36. Kg1 Kf6 37. Nd4 Ke5 38. Nb3 Ra8 39. Nd4 Rc8 0-1

[Event "Iclicki Masters"]
[Site "Brussels"]
[Date "1990.03.??"]
[White "Bolzoni, Victor-Angel"]
[Black "Lane, Gary William"]
[Result "0-1"]
[WhiteElo "2230"]
[BlackElo "2370"]
[BlackTitle "IM"]
[Source "ChessBase"]
[Round "?"]

1. e4 e5 2. Nf3 Nf6 3. Bc4 Nc6 4. d4 exd4 5. Ng5 d5 6. exd5 Qe7+ 7. Kf1 Ne5
8. Qxd4 Nxc4 9. Qxc4 Qc5 10. Qxc5 Bxc5 11. c4 Bf5 12. Ke2 h6 13. Nf3 O-O-O
14. Be3 Rhe8 15. Nc3 Ng4 16. Nd1 c6 17. Rc1 Kb8 18. h3 Nxe3 19. Nxe3 cxd5
20. cxd5 Rxd5 21. Rhd1 Rxd1 22. Rxd1 Be6 23. b3 f5 24. Kf1 f4 25. Nc2 Bc8
26. b4 Bf8 27. Nfd4 Bd7 28. Re1 Rc8 29. Re2 Rc4 30. a3 g5 31. Rd2 Bg7 32. Ke2
b5 33. Rd3 Be8 34. Rd2 Bg6 35. Kd1 a6 36. Ne6 Bb2 37. Nc5 a5 38. Rd8+ Kc7
39. Ne6+ Kb7 40. Nc5+ Kc6 41. Rc8+ Kd5 42. Rd8+ Ke5 43. Nd3+ Bxd3 44. Rxd3 axb4
45. axb4 Bc3 46. Rd7 Bxb4 47. Rb7 Bc5 48. Rxb5 f3 49. Ne1 fxg2 50. Nxg2 Kd6
51. Rb2 Rc3 52. Rd2+ Kc6 53. Ne3 Bxe3 54. fxe3 Rxe3 55. h4 g4 56. Rf2 Kd5
57. Ra2 Rh3 58. Ra5+ Ke4 59. Rh5 g3 60. Ke2 Rh1 0-1

[Event "Iclicki Masters"]
[Site "Brussels"]
[Date "1990.03.??"]
[White "Dunnington, Angus James"]
[Black "Bolzoni, Victor-Angel"]
[Result "1-0"]
[WhiteElo "2370"]
[WhiteTitle "FM"]
[BlackElo "2230"]
[Source "ChessBase"]
[Round "?"]

1. d4 Nf6 2. Nf3 g6 3. Nc3 d5 4. Bf4 c6 5. e3 Bg7 6. Be2 Qb6 7. a3 Bf5 8. Na4
Qa5+ 9. c3 Nbd7 10. b4 Qd8 11. Ne5 O-O 12. O-O Ne8 13. Nxd7 Bxd7 14. Nc5 Bc8
15. c4 b6 16. Nb3 dxc4 17. Bxc4 Nd6 18. Bd3 Be6 19. Rc1 Bd5 20. Nd2 Qd7 21. Nf3
f6 22. Nd2 e5 23. dxe5 fxe5 24. Bg3 Nf5 25. e4 Nxg3 26. hxg3 Be6 27. Bc4 Bh6
28. Nf3 Qe7 29. Qb3 Rfe8 30. Rcd1 Qf7 31. Bxe6 Rxe6 32. Rd3 Re7 33. Qc3 Qe8
34. Rfd1 Rc8 35. Rd6 Bf8 36. R6d3 Bg7 37. Qc4+ Kh8 38. Rd6 h6 39. Nh4 Kh7
40. Rxg6 c5 41. b5 Rd7 42. Rgd6 Rcd8 43. Nf5 Rxd6 44. Rxd6 Rxd6 45. Nxd6 Qd7
46. Qd5 Bf8 47. Nf5 Qxd5 48. exd5 c4 49. Ne3 c3 50. Nc2 Kg6 51. Kf1 Kf5 52. Ke2
Ke4 53. f3+ Kxd5 54. Kd3 Kc5 55. a4 Kd5 56. Kxc3 e4 57. Ne3+ Kc5 58. fxe4 Bg7+
59. Kd3 Kb4 60. Nf5 Be5 61. g4 Kxa4 62. Kc4 Bf4 63. Nd4 1-0

[Event "Iclicki Masters"]
[Site "Brussels"]
[Date "1990.03.??"]
[White "Dunnington, Angus James"]
[Black "Kerkhof, Philippe"]
[Result "1-0"]
[WhiteElo "2370"]
[WhiteTitle "FM"]
[BlackElo "2240"]
[Source "ChessBase"]
[Round "?"]

1. g3 g6 2. Bg2 Bg7 3. c4 e5 4. Nc3 Nc6 5. e3 Nge7 6. Nge2 O-O 7. O-O d6 8. d3
Be6 9. Nd5 Qd7 10. Rb1 Nd8 11. Nxe7+ Qxe7 12. b3 Qd7 13. d4 exd4 14. Nxd4 Bh3
15. Bb2 Bxg2 16. Kxg2 Re8 17. Nf3 Nc6 18. Bxg7 Kxg7 19. Qd5 Qe6 20. Rfd1 Qe4
21. Rb2 Re5 22. Qxe4 Rxe4 23. Nd2 Ree8 24. Nb1 Rad8 25. Nc3 f5 26. Rbd2 Kf7
27. h3 a6 28. Nd5 Rd7 29. g4 Ne7 30. Nf4 Red8 31. Nd3 Ke8 32. Nf4 Kf7 33. Kg3
c6 34. Nd3 Ke6 35. Nf4+ Kf7 36. Nd3 Ke6 37. Nf4+ Kf7 38. g5 Nc8 39. h4 Ne7
40. Nd3 Ke6 41. h5 b6 42. Rh1 Kf7 43. f3 gxh5 44. Rxh5 Kg8 45. Nf4 Ng6 46. Rh6
Ne5 47. Nh5 Kf8 48. Rf6+ Rf7 49. Rfxd6 Rxd6 50. Rxd6 Ke7 51. Rd2 b5 52. c5 a5
53. Rd6 Rf8 54. Nf6 Ra8 55. f4 Ng4 56. Nxg4 fxg4 57. Kxg4 1-0

[Event "Iclicki Masters"]
[Site "Brussels"]
[Date "1990.03.??"]
[White "Dunnington, Angus James"]
[Black "Pergericht, Daniel"]
[Result "1/2-1/2"]
[WhiteElo "2370"]
[WhiteTitle "FM"]
[BlackElo "2280"]
[BlackTitle "FM"]
[Source "ChessBase"]
[Round "?"]

1. d4 d5 2. Nf3 Nf6 3. c4 c6 4. Qc2 dxc4 5. Qxc4 Bf5 6. g3 e6 7. Bg2 Be7
8. O-O O-O 9. Nbd2 Nbd7 10. Qb3 Qb6 11. Nc4 Qa6 12. Bf4 Nb6 13. Rac1 Be4
14. Nfe5 Bxg2 15. Kxg2 Rad8 16. Rfd1 Rd5 17. a3 Rfd8 18. Ne3 Rb5 19. Qc2 Qa4
20. N5c4 Qxc2 21. Rxc2 Na4 22. Rd3 Nd5 23. b3 Nxf4+ 24. gxf4 Nb6 25. b4 Nd7
26. Na5 Nf8 27. Nd1 Rd7 28. Nc3 Rf5 29. e3 Ng6 30. Ne2 e5 31. fxe5 Nxe5
32. Rdc3 Rg5+ 33. Ng3 Ng6 34. f4 Nh4+ 35. Kf2 Rg6 36. Nc4 f6 37. Nd2 Rh6
38. Nf3 g5 39. Nxh4 Rxh4 40. fxg5 Rxh2+ 41. Kf3 Rxc2 42. Rxc2 fxg5 43. Kg4 Kf7
44. Kh5 Ke6 45. Kg4 Kf7 46. Kh5 Ke6 47. Kg4 Bd6 48. Ne4 h6 49. Rf2 Be7 50. Rh2
Kd5 51. Kf5 Bd8 52. Nc5 Rf7+ 53. Kg4 Bb6 54. Rxh6 Bxc5 55. bxc5 Re7 56. Rh3 Ke4
1/2-1/2

[Event "Iclicki Masters"]
[Site "Brussels"]
[Date "1990.03.??"]
[White "Geenen, Marc"]
[Black "Lane, Gary William"]
[Result "1/2-1/2"]
[WhiteElo "2305"]
[WhiteTitle "FM"]
[BlackElo "2370"]
[BlackTitle "IM"]
[Source "ChessBase"]
[Round "?"]

1. e4 e5 2. Nc3 Nf6 3. g3 d5 4. exd5 Nxd5 5. Bg2 Nxc3 6. bxc3 Bd6 7. Ne2 O-O
8. d3 Nd7 9. O-O Nf6 10. c4 c6 11. h3 Re8 12. Nc3 h6 13. Rb1 Qc7 14. g4 Be6
15. Re1 Rac8 16. Qf3 Nd7 17. Ne4 Be7 18. Qg3 b5 19. Bf1 bxc4 20. dxc4 Rb8
21. Rxb8 Qxb8 22. f4 exf4 23. Bxf4 Qb2 24. Bd3 Nc5 25. g5 Nxd3 26. cxd3 1/2-1/2

[Event "Iclicki Masters"]
[Site "Brussels"]
[Date "1990.03.??"]
[White "Iclicki, Willy"]
[Black "Dunnington, Angus James"]
[Result "0-1"]
[WhiteElo "2230"]
[BlackElo "2370"]
[BlackTitle "FM"]
[Source "ChessBase"]
[Round "?"]

1. d4 d6 2. c4 e5 3. dxe5 dxe5 4. Qxd8+ Kxd8 5. Nc3 Be6 6. Nf3 f6 7. e3 c6
8. Be2 Nd7 9. O-O Nh6 10. Ne4 Kc7 11. Bd2 a5 12. b3 Nf7 13. Bc3 Be7 14. Bb2 a4
15. Rfc1 Rhd8 16. Ne1 g6 17. Kf1 f5 18. Nc3 a3 19. Nd5+ Bxd5 20. Bxe5+ Ndxe5
21. cxd5 Rxd5 22. f4 Ng4 0-1

[Event "Iclicki Masters"]
[Site "Brussels"]
[Date "1990.03.??"]
[White "Iclicki, Willy"]
[Black "Geenen, Marc"]
[Result "0-1"]
[WhiteElo "2230"]
[BlackElo "2305"]
[BlackTitle "GM"]
[Source "ChessBase"]
[Round "?"]

1. d4 Nf6 2. c4 g6 3. Nc3 d6 4. e4 Bg7 5. f4 O-O 6. Nf3 c5 7. dxc5 Qa5 8. Bd3
Qxc5 9. Qe2 Nc6 10. Be3 Qh5 11. Rc1 Ng4 12. Bg1 Bh6 13. g3 e5 14. Be3 Nxe3
15. Qxe3 exf4 16. gxf4 Ne5 17. Nxe5 dxe5 18. Nd5 exf4 19. Nf6+ Kh8 20. Nxh5
fxe3 21. Ng3 f5 22. exf5 gxf5 0-1

[Event "Iclicki Masters"]
[Site "Brussels"]
[Date "1990.03.??"]
[White "Iclicki, Willy"]
[Black "Winants, Luc"]
[Result "1/2-1/2"]
[WhiteElo "2230"]
[BlackElo "2455"]
[BlackTitle "IM"]
[Source "ChessBase"]
[Round "?"]

1. d4 f5 2. Nc3 Nf6 3. Bg5 d5 4. f3 e6 5. e4 Be7 6. e5 Nfd7 7. Bxe7 Qxe7
8. Qd2 O-O 9. f4 c5 10. Nb5 Nc6 11. c3 Nb6 12. Nf3 Bd7 13. Nd6 cxd4 14. Nxd4
Nxd4 15. Qxd4 Bc6 16. Bd3 Nc8 17. Nxc8 Rfxc8 18. O-O b6 19. Rac1 Qc5 20. Kf2 a5
21. Ke3 Rab8 22. b4 Qe7 23. Rb1 Qd7 24. bxa5 bxa5 25. Rxb8 Rxb8 26. Rb1 Rxb1
27. Bxb1 Qb7 28. Bd3 Qb2 29. Qc5 Qxg2 30. Qd6 d4+ 31. Kxd4 Qf2+ 32. Kc4 Bd5+
33. Kb5 Qb2+ 34. Ka6 Qb7+ 35. Kxa5 Qc8 1/2-1/2

[Event "Iclicki Masters"]
[Site "Brussels"]
[Date "1990.03.??"]
[White "Karólyi, Tibor"]
[Black "Bolzoni, Victor-Angel"]
[Result "1/2-1/2"]
[WhiteElo "2440"]
[WhiteTitle "IM"]
[BlackElo "2230"]
[Source "ChessBase"]
[Round "?"]

1. d4 Nf6 2. c4 e6 3. Nf3 b6 4. g3 Ba6 5. Qb3 Nc6 6. e3 Na5 7. Qa4 Bb7 8. Be2
c5 9. O-O cxd4 10. exd4 Rc8 11. Ne5 Nc6 12. Nf3 Na5 13. Ne5 1/2-1/2

[Event "Iclicki Masters"]
[Site "Brussels"]
[Date "1990.03.??"]
[White "Karólyi, Tibor"]
[Black "Geenen, Marc"]
[Result "0-1"]
[WhiteElo "2440"]
[WhiteTitle "IM"]
[BlackElo "2305"]
[BlackTitle "FM"]
[Source "ChessBase"]
[Round "?"]

1. d4 Nf6 2. c4 g6 3. Nc3 Bg7 4. e4 d6 5. Nf3 O-O 6. Be2 e5 7. O-O Nbd7 8. Re1
c6 9. Bf1 exd4 10. Nxd4 Ng4 11. Qxg4 Bxd4 12. Qd1 Qf6 13. Be3 Be5 14. Qd2 Nc5
15. Bg5 Qh8 16. Be7 Re8 17. Bxd6 Bxc3 18. bxc3 Nxe4 19. Bc7 Bf5 20. Qf4 h5
21. Re3 Nc5 22. Be5 f6 23. Bd6 Rxe3 24. Qxe3 Ne4 25. c5 Kg7 26. f3 Nxd6
27. cxd6 Qd8 28. Rd1 Qd7 29. h3 b6 30. Qf4 Re8 31. Rd2 g5 32. Qd4 c5 33. Qd5
Re5 34. Qc4 Re6 35. Qd5 Re8 36. Qb3 Re7 37. Rd1 c4 38. dxe7 cxb3 39. Rxd7 0-1

[Event "Iclicki Masters"]
[Site "Brussels"]
[Date "1990.03.??"]
[White "Karólyi, Tibor"]
[Black "Iclicki, Willy"]
[Result "1/2-1/2"]
[WhiteElo "2440"]
[WhiteTitle "IM"]
[BlackElo "2230"]
[Source "ChessBase"]
[Round "?"]

1. d4 d5 2. c4 c6 3. Nc3 Nf6 4. Nf3 e6 5. e3 Nbd7 6. Bd3 dxc4 7. Bxc4 b5
8. Bd3 a6 9. e4 c5 10. e5 cxd4 11. Nxb5 Nxe5 12. Nxe5 axb5 13. Bxb5+ Bd7
14. Nxd7 Qa5+ 15. Bd2 Qxb5 16. Nxf8 Kxf8 17. a4 Qxb2 18. O-O h6 19. Bf4 Kg8
20. Be5 Qc3 21. Qxd4 Qxd4 22. Bxd4 Kh7 23. Bxf6 gxf6 24. a5 Ra6 1/2-1/2

[Event "Iclicki Masters"]
[Site "Brussels"]
[Date "1990.03.??"]
[White "Karólyi, Tibor"]
[Black "Kerkhof, Philippe"]
[Result "1/2-1/2"]
[WhiteElo "2440"]
[WhiteTitle "IM"]
[BlackElo "2240"]
[Source "ChessBase"]
[Round "?"]

1. d4 Nf6 2. c4 c5 3. d5 b5 4. cxb5 a6 5. bxa6 Bxa6 6. Nc3 g6 7. g3 d6 8. Bg2
Bg7 9. Nf3 Nbd7 10. O-O Nb6 11. Re1 O-O 12. Bf4 Nc4 13. Qc1 Qa5 14. Nd2 Nb6
15. Qc2 c4 16. e4 Ng4 17. Nf3 Nd7 18. Bh3 h5 19. Red1 Nc5 20. Ne1 Rfb8 21. Bf1
Bc8 22. Bh3 Ba6 1/2-1/2

[Event "Iclicki Masters"]
[Site "Brussels"]
[Date "1990.03.??"]
[White "Karólyi, Tibor"]
[Black "Pergericht, Daniel"]
[Result "0-1"]
[WhiteElo "2440"]
[WhiteTitle "IM"]
[BlackElo "2280"]
[BlackTitle "FM"]
[Source "ChessBase"]
[Round "?"]

1. Nf3 f5 2. b3 d6 3. Bb2 e5 4. g3 Nf6 5. d4 e4 6. Nh4 d5 7. Qd2 Be6 8. Bh3 g6
9. f3 Nc6 10. O-O Qd7 11. Nc3 O-O-O 12. a3 Rg8 13. f4 h6 14. b4 Ne7 15. Ng2 g5
16. Ne3 Nh5 17. Kh1 Bg7 18. a4 Rdf8 19. b5 Ng6 20. fxg5 hxg5 21. b6 a6
22. Ncxd5 Bxd5 23. Nxd5 g4 24. Qg5 gxh3 25. Qxh5 Qxd5 26. c4 Qf7 27. Ba3 Rh8
0-1

[Event "Iclicki Masters"]
[Site "Brussels"]
[Date "1990.03.??"]
[White "Karólyi, Tibor"]
[Black "Winants, Luc"]
[Result "0-1"]
[WhiteElo "2440"]
[WhiteTitle "IM"]
[BlackElo "2455"]
[BlackTitle "IM"]
[Source "ChessBase"]
[Round "?"]

1. d4 f5 2. g3 e6 3. Bg2 Nf6 4. c4 c6 5. Qc2 d5 6. Bf4 Be7 7. Nf3 O-O 8. O-O
Qe8 9. Ne5 Qh5 10. Nc3 Nbd7 11. cxd5 exd5 12. f3 Nxe5 13. Bxe5 Nd7 14. Bc7 Nb6
15. Bxb6 axb6 16. Qb3 f4 17. g4 Qe8 18. Qxb6 Bd8 19. Qc5 Qe3+ 20. Kh1 Be7
21. Qb6 Bd8 22. Qc5 Be7 23. Qb6 Ra6 24. Qb3 Qxd4 25. Rfd1 Qb4 26. Qc2 Ra8
27. Rd3 Bg5 28. Nd1 0-1

[Event "Iclicki Masters"]
[Site "Brussels"]
[Date "1990.03.??"]
[White "Kerkhof, Philippe"]
[Black "Geenen, Marc"]
[Result "1/2-1/2"]
[WhiteElo "2240"]
[BlackElo "2305"]
[BlackTitle "FM"]
[Source "ChessBase"]
[Round "?"]

1. e4 d5 2. exd5 Qxd5 3. Nc3 Qa5 4. d4 Nf6 5. Nf3 Nc6 6. Bb5 Bd7 7. d5 Nb4
8. Bxd7+ Nxd7 9. O-O Nf6 10. d6 cxd6 11. Bg5 Nbd5 12. Nxd5 Qxd5 13. Qe2 Rc8
14. Rfe1 1/2-1/2

[Event "Iclicki Masters"]
[Site "Brussels"]
[Date "1990.03.??"]
[White "Kerkhof, Philippe"]
[Black "Lane, Gary William"]
[Result "0-1"]
[WhiteElo "2240"]
[BlackElo "2370"]
[BlackTitle "IM"]
[Source "ChessBase"]
[Round "?"]

1. e4 e5 2. Nf3 Nc6 3. Bb5 a6 4. Bxc6 dxc6 5. O-O Bd6 6. d4 exd4 7. Qxd4 f6
8. b3 Qe7 9. Bb2 Nh6 10. Nbd2 O-O 11. h3 Nf7 12. Nc4 Bc5 13. Qd3 Be6 14. Rad1
Rae8 15. Rfe1 Bb4 16. c3 Bc5 17. Bc1 Rd8 18. Qe2 Rxd1 19. Rxd1 Re8 20. Re1 Bd5
21. Be3 Bxe4 22. Bxc5 Qxc5 23. b4 Qa7 24. Nfd2 f5 25. Qe3 Qxe3 26. Rxe3 Kf8
27. Nxe4 fxe4 28. Nd2 Nd6 29. c4 a5 30. bxa5 Re5 31. f3 Rxa5 32. Nxe4 Nxe4
33. fxe4 Rxa2 34. Rf3+ Ke7 0-1

[Event "Iclicki Masters"]
[Site "Brussels"]
[Date "1990.03.??"]
[White "Lane, Gary William"]
[Black "Dunnington, Angus James"]
[Result "1/2-1/2"]
[WhiteElo "2370"]
[WhiteTitle "IM"]
[BlackElo "2370"]
[BlackTitle "FM"]
[Source "ChessBase"]
[Round "?"]

1. d4 d5 2. c4 dxc4 3. Nf3 c5 4. e3 cxd4 5. Bxc4 Qc7 6. Qc2 e6 7. Nxd4 Nc6
8. Nxc6 Qxc6 9. O-O Nf6 10. Bd3 Qxc2 11. Bxc2 Bd7 12. Nc3 Bc6 13. Bd2 O-O-O
14. Rfd1 Be7 15. Be1 Rxd1 16. Rxd1 Rd8 17. Rxd8+ Kxd8 18. h3 1/2-1/2

[Event "Iclicki Masters"]
[Site "Brussels"]
[Date "1990.03.??"]
[White "Pergericht, Daniel"]
[Black "Bolzoni, Victor-Angel"]
[Result "1/2-1/2"]
[WhiteElo "2280"]
[WhiteTitle "FM"]
[BlackElo "2230"]
[Source "ChessBase"]
[Round "?"]

1. d4 d5 2. Nf3 e6 3. c4 Nf6 4. g3 Be7 5. Bg2 O-O 6. O-O Nbd7 7. Qc2 b6
8. cxd5 Nxd5 9. e4 Nb4 10. Qc3 Bb7 11. a3 Na6 12. Qc2 c5 13. Nc3 cxd4 14. Nxd4
Bf6 15. Be3 Ne5 16. Rad1 Qe7 17. Bc1 Rfd8 18. Ndb5 Bc6 19. Rxd8+ Rxd8 20. Rd1
Rd7 21. Bf1 Nc5 22. Be2 Rxd1+ 23. Bxd1 Nxe4 24. Nxe4 Bxb5 25. Qc8+ Qe8 26. Qc7
Qd7 27. Nxf6+ gxf6 28. Qxd7 Bxd7 29. Be2 Kg7 30. Be3 Bc6 31. f4 Nd7 32. b4 f5
33. Bd4+ Kf8 34. Kf2 Ke7 35. Ke3 f6 36. Bc4 Kd6 37. Bc3 b5 38. Bd3 Nb6 39. Bd4
Bd7 40. Kd2 e5 41. Bc5+ Ke6 1/2-1/2

[Event "Iclicki Masters"]
[Site "Brussels"]
[Date "1990.03.??"]
[White "Pergericht, Daniel"]
[Black "Iclicki, Willy"]
[Result "1/2-1/2"]
[WhiteElo "2280"]
[WhiteTitle "FM"]
[BlackElo "2230"]
[Source "ChessBase"]
[Round "?"]

1. g3 d5 2. Bg2 c6 3. d3 Nf6 4. Nd2 Bg4 5. h3 Bh5 6. g4 Bg6 7. e4 dxe4 8. dxe4
e5 9. Qe2 Qa5 10. c3 Nbd7 11. Ngf3 Qc7 12. Nh4 O-O-O 13. O-O Nc5 14. Nf5 Nd3
15. Nf3 Bxf5 16. gxf5 Nxc1 17. Rfxc1 g6 18. Rd1 Bh6 19. fxg6 hxg6 1/2-1/2

[Event "Iclicki Masters"]
[Site "Brussels"]
[Date "1990.03.??"]
[White "Pergericht, Daniel"]
[Black "Kerkhof, Philippe"]
[Result "1-0"]
[WhiteElo "2280"]
[WhiteTitle "FM"]
[BlackElo "2240"]
[Source "ChessBase"]
[Round "?"]

1. Nf3 Nf6 2. c4 g6 3. Nc3 Bg7 4. e4 O-O 5. d4 d6 6. Be2 Nbd7 7. O-O e5 8. Be3
Qe7 9. d5 Ng4 10. Bg5 f6 11. Bh4 h5 12. Nd2 Nh6 13. f3 Rf7 14. b4 Nf8 15. Bf2
f5 16. c5 f4 17. Nc4 Bd7 18. a4 g5 19. cxd6 cxd6 20. Nb5 Rf6 21. Bxa7 g4
22. Nb6 Rxa7 23. Nxd7 Qxd7 24. Nxa7 Ng6 25. Qc2 Ne7 26. Bb5 Qd8 27. Rac1 Qb6+
28. Qf2 Qd8 29. a5 Rg6 30. Qb6 Qf8 31. Qxb7 gxf3 32. Rxf3 Qf6 33. Nc6 Nxc6
34. Qxc6 Qg5 35. Qc8+ Kh7 36. Qh3 Ng4 37. Bd7 Ne3 38. Rxe3 fxe3 39. Bf5 e2
40. Bxg6+ Kxg6 1-0

[Event "Iclicki Masters"]
[Site "Brussels"]
[Date "1990.03.??"]
[White "Pergericht, Daniel"]
[Black "Winants, Luc"]
[Result "0-1"]
[WhiteElo "2280"]
[WhiteTitle "FM"]
[BlackElo "2455"]
[BlackTitle "IM"]
[Source "ChessBase"]
[Round "?"]

1. d4 Nf6 2. c4 e6 3. g3 Bb4+ 4. Nd2 c5 5. dxc5 Bxc5 6. Nb3 Be7 7. Bg2 O-O
8. Nf3 Qc7 9. Qd4 Nc6 10. Qf4 e5 11. Qh4 d5 12. cxd5 Nxd5 13. Ng5 Nf6 14. Qc4
h6 15. Ne4 Nxe4 16. Bxe4 Be6 17. Qc2 Bb4+ 18. Kf1 Bh3+ 19. Bg2 Qd7 20. Be3 Rfd8
21. f3 Bf5 22. Qc4 Be6 23. Qb5 a6 24. Qb6 Bxb3 25. axb3 Qe7 26. Rc1 Rd5
27. Rxc6 bxc6 28. Qxc6 Rad8 29. Qxa6 Bc5 0-1

[Event "Iclicki Masters"]
[Site "Brussels"]
[Date "1990.03.??"]
[White "Winants, Luc"]
[Black "Bolzoni, Victor-Angel"]
[Result "1-0"]
[WhiteElo "2455"]
[WhiteTitle "IM"]
[BlackElo "2230"]
[Source "ChessBase"]
[Round "?"]

1. d4 Nf6 2. c4 e6 3. Nf3 b6 4. g3 Ba6 5. b3 Bb4+ 6. Bd2 Be7 7. Bg2 Bb7 8. Nc3
d5 9. cxd5 Nxd5 10. O-O c5 11. Nxd5 Bxd5 12. dxc5 bxc5 13. Qc2 O-O 14. Rfd1 Qb6
15. Bg5 f6 16. Be3 Na6 17. Rac1 Rad8 18. Qb1 Qb5 19. Nh4 Bxg2 20. Nxg2 Qxe2
21. Nf4 Qg4 22. h3 Qf5 23. Qxf5 exf5 24. Ne6 Rxd1+ 25. Rxd1 Ra8 26. Rd7 f4
27. Nxf4 Kf8 28. Ne6+ Ke8 29. Rb7 g6 30. g4 h6 31. Kg2 g5 32. Kf3 Bd8 33. Ke4
Bb6 34. Kf5 Nb4 35. Rxb6 axb6 36. Nc7+ Kd7 37. Nxa8 Kc6 38. a3 Nc2 39. Kxf6
Nxa3 40. Nxb6 Kxb6 41. b4 Nc4 42. Bxc5+ 1-0

[Event "Iclicki Masters"]
[Site "Brussels"]
[Date "1990.03.??"]
[White "Winants, Luc"]
[Black "Kerkhof, Philippe"]
[Result "1-0"]
[WhiteElo "2455"]
[WhiteTitle "IM"]
[BlackElo "2240"]
[Source "ChessBase"]
[Round "?"]

1. c4 Nf6 2. Nc3 e5 3. Nf3 d6 4. d4 Nbd7 5. e4 g6 6. Be2 Bg7 7. O-O O-O 8. Qc2
c6 9. d5 c5 10. a3 h6 11. Rb1 Nh5 12. g3 Nhf6 13. b4 Nh7 14. Nh4 Kh8 15. Bb2
Bf6 16. Ng2 h5 17. h4 b6 18. Bd3 Bg7 19. Ne3 Ndf6 20. f3 Bh6 21. Rbe1 Rg8
22. f4 exf4 23. gxf4 Bg7 24. Ng2 Bh3 25. Rf3 Bxg2 26. Kxg2 Ng4 27. Kg3 Qd7
28. Qg2 Bd4 29. Nd1 Bg7 30. Bxg7+ Rxg7 31. Nf2 Nxf2 32. Kxf2 Nf6 33. e5 Ng4+
34. Kg1 dxe5 35. fxe5 cxb4 36. axb4 Qe7 37. d6 Qxh4 38. Qg3 Qg5 39. c5 bxc5
40. bxc5 h4 41. Qg2 Rc8 42. d7 Rxc5 43. Rf4 f5 44. exf6 Rxd7 45. Rxg4 Qxf6
46. Re8+ 1-0